[Event "CAN-ch U14 Girls"]
[Site "Windsor"]
[Date "2010.07.09"]
[Round "7"]
[White "Robinson, Emily"]
[Black "Yu, Kexin"]
[Result "0-1"]
[WhiteElo "1112"]
[BlackElo "1384"]
[PlyCount "126"]
[EventDate "2010.07.06"]
[EventType "swiss"]
[EventRounds "7"]
[EventCountry "CAN"]
[SourceTitle "EXT 2012"]
[Source "ChessBase"]
[SourceDate "2011.11.24"]
[SourceVersion "1"]
[SourceVersionDate "2011.11.24"]
[SourceQuality "1"]

1. e4 e5 2. d4 exd4 3. Qxd4 Nc6 4. Qe3 d6 5. Bb5 Bd7 6. Bxc6 Bxc6 7. Nf3 Be7 8. Nc3 Nf6 9. 0-0 0-0 10. e5 Ng4 11. Qe2 Nxe5 12. Nxe5 dxe5 13. Qxe5 Bd6 14. Qg5 Qxg5 15. Bxg5 h6 16. Bh4 f5 17. f3 Rfe8 18. Rad1 Re6 19. Nd5 Re2 20. Rf2 Bc5 21. Nxc7 Bxf2+ 22. Bxf2 Rc8 23. Bg3 Re7 24. Nd5 Rd7 25. Nc3 Rxd1+ 26. Nxd1 Rd8 27. Ne3 g6 28. Bc7 Rd2 29. Ba5 Re2 30. Nc4 Rxc2 31. Bc3 Re2 32. Ne5 Kh7 33. Nxc6 bxc6 34. Kf1 Re6 35. a4 Kg8 36. h3 h5 37. g4 hxg4 38. hxg4 fxg4 39. fxg4 Re4 40. g5 Rxa4 41. b3 Ra3 42. Bd4 Rxb3 43. Bxa7 Rg3 44. Kf2 Rxg5 45. Kf3 Rf5+ 46. Ke4 Kf7 47. Kd4 Ke6 48. Bc5 Rxc5 49. Kxc5 Ke5 50. Kxc6 g5 51. Kc5 g4 52. Kc4 Ke4 53. Kc3 Ke3 54. Kc2 g3 55. Kd1 g2 56. Kc2 g1Q 57. Kc3 Qc1+ 58. Kb4 Kd4 59. Kb5 Qc4+ 60. Kb6 Kd5 61. Ka5 Qb3 62. Ka6 Kc6 63. Ka5 Qb5# 0-1

[Event "CAN-ch U14 Girls"]
[Site "Windsor"]
[Date "2010.07.08"]
[Round "6"]
[White "Vyravanathan, Sobiga"]
[Black "Robinson, Emily"]
[Result "1-0"]
[WhiteElo "1242"]
[BlackElo "1112"]
[PlyCount "67"]
[EventDate "2010.07.06"]
[EventType "swiss"]
[EventRounds "7"]
[EventCountry "CAN"]
[SourceTitle "EXT 2012"]
[Source "ChessBase"]
[SourceDate "2011.11.24"]
[SourceVersion "1"]
[SourceVersionDate "2011.11.24"]
[SourceQuality "1"]

1. e4 e5 2. Nf3 Bd6 3. Nc3 c6 4. Bc4 Qe7 5. d3 Nf6 6. Bg5 0-0 7. 0-0 b5 8. Bb3 a5 9. a3 a4 10. Ba2 Ra5 11. Qd2 b4 12. axb4 Bxb4 13. Qd1 Bxc3 14. bxc3 d5 15. h3 Qd6 16. Qe1 d4 17. cxd4 exd4 18. Qxa5 Nbd7 19. e5 Qc5 20. Qxc5 Nxc5 21. exf6 g6 22. Ne5 Bb7 23. Bh6 Ne6 24. Bxf8 Nxf8 25. Bxf7+ Kh8 26. Rxa4 c5 27. Ra7 h6 28. Nxg6+ Nxg6 29. Bxg6 Bd5 30. Re1 Bc6 31. Rc7 Bb5 32. Re8+ Bxe8 33. Rc8 Kg8 34. Rxe8# 1-0